The use of paclobutrazol for storing shorea parvifolia and shorea leprosula seedlings

Bibliographic Details
Main Author: MUHAMAD Bokhari bin Fadzin
Format: Book
Published: Serdang, Selangor : Univeraiti Putra Malaysia , 2000
Subjects:

MARC

LEADER 00000cam a2200000 7i4500
001 0000001313
005 20140412.0
090 0 0 |a R THE 631.8   |b MUH 2000 
100 0 0 |a MUHAMAD Bokhari bin Fadzin 
245 1 4 |a The use of paclobutrazol for storing shorea parvifolia and shorea leprosula seedlings   |c by Muhamad Bokhari bin Fadzin 
260 0 0 |a Serdang, Selangor :   |b Univeraiti Putra Malaysia ,   |c 2000 
300 |a xiii, 64 p. :   |b col. photos ;   |c 30 cm. 
500 0 0 |a Bachelor of Forestry Science (Universiti Putra Malaysia), 2000 
500 0 0 |a Bibliography : [p. 57-62] 
650 0 0 |a Agricultural chemicals 
998 |a JPSM 
999 |a 0000002268   |b Monograph   |c Thesis   |e Default branch